000 00514nam a2200169 i 4500
001 87582
003 ES-MaACL
005 20250214063121.0
007 t|
008 041222s1969 sp ||||1| baq d
100 0 _aLabayen, Antonio María,
_d1898-1994
_969225
245 1 0 _aCalifornia... ku-ku!
_b: Drama. Iru ekitalditan /
_cAntonio María Labayen.
260 _aZarauz :
_bItxaropena,
_c[1969]
300 _a176 p. ;
_c19 cm.
852 _aES-MaACL
_jC-50313
_bR.71491
999 _c87582
_d87582